000
00304nam a22001337a 4500
008
170504b xxu||||| |||| 00| 0 eng d
020
_a
8800027534586
041
_a
eng
080
_2
5 ED
_a
34
100
_a
13
101
_a
SHJ
245
_a
THE LEGAL WRITING HANDBOOK
_c
OATES.K.C
942
_2
udc
_c
BK
999
_c
12613
_d
12613